El posmodernismo o la lógica cultural del capitalismo avanzado
Uloženo v:
| Hlavní autor: | |
|---|---|
| Médium: | Kniha |
| Jazyk: | španělština |
| Vydáno: |
Barcelona
Paidós
1991
|
| Vydání: | 1a. ed |
| Edice: | Paidós Studio, 83
|
| Témata: | |
| Tagy: |
Přidat tag
Žádné tagy, Buďte první, kdo vytvoří štítek k tomuto záznamu!
|
MARC
| LEADER | 00000cam a2200000 a 4500 | ||
|---|---|---|---|
| 001 | UCD8902 | ||
| 003 | CL-VaPUC | ||
| 008 | 170527e19910000sp |||||||||||||||||spa|d | ||
| 020 | |a 9788475097053 | ||
| 082 | 0 | 4 | |a 306 |b JAM |2 21 |
| 100 | |a Jameson, Fredric |e autor |9 611668 | ||
| 245 | 1 | 3 | |a El posmodernismo o la lógica cultural del capitalismo avanzado |
| 250 | |a 1a. ed | ||
| 300 | |a 121 p | ||
| 942 | |c BK | ||
| 945 | |d 20170527 00:32:00 |a arojas | ||
| 260 | |a Barcelona |b Paidós |c 1991 | ||
| 650 | 0 | |a Postmodernismo |9 268655 | |
| 650 | 0 | |a Antropología cultural |9 269905 | |
| 650 | 0 | |a Filosofía social |9 268191 | |
| 650 | 0 | |a Capitalismo |9 255255 | |
| 583 | |a last modification |c 20170527 00:32:00 |k Rodrigo Vera | ||
| 490 | 0 | |a Paidós Studio, 83 | |
| 999 | |c 368208 |d 368206 | ||
| 952 | |0 0 |1 0 |3 erb |4 0 |6 306_000000000000000_JAM_1991 |7 0 |8 A |9 483480 |a BIBEDU |b BIBEDU |i 5377579 |l 1 |o 306 JAM 1991 |p 5377579 |r 2025-04-02 |s 2025-03-21 |w 2019-11-24 |y BK |z Catalogado en:20170527 |k FIL | ||